000 00500nam a2200169 i 4500
001 85170
003 ES-MaACL
005 20230906175209.0
007 t|
008 041125s1916 xxu |||| | eng d
100 1 _aJones, W. H. S.
_966872
245 1 0 _aHow we learn
_b: a short primer of scientific method for boys /
_cby W.H.S. Jones.
260 _aCambridge :
_bCambridge University Press,
_c1916.
300 _aVII, 64 p. ;
_c20 cm.
650 0 4 _aAprendizaje.
_99924
852 _aES-MaACL
_jF-5978
999 _c85170
_d85170